XI Curs Comarcal d'Iniciació a l'Arqueologia : Calella i Igualada Calella i Igualada
Descripción Física:
[6] p. ; 21 cm
Materias:
Arqueologia -- Ensenyament
MARC
| LEADER | 00000nam a2200000Ia 4500 | ||
|---|---|---|---|
| 001 | 14872 | ||
| 008 | 160829s1980 xx 000 0 cat d | ||
| 080 | |a FU-31-49 | ||
| 100 | |a Curs Comarcal d'Iniciació a l'Arqueologia (11è : 1980, gen./març : Calella i Igualada) |9 24431 | ||
| 245 | |a XI Curs Comarcal d'Iniciació a l'Arqueologia : |b Calella i Igualada | ||
| 260 | |a [Barcelona] : |b Diputació de Barcelona : |b Institut de Prehistòria i Arqueologia, |c 1980 | ||
| 300 | |a [6] p. ; |c 21 cm | ||
| 650 | |a Arqueologia |x Ensenyament |9 33615 | ||
| 710 | 1 | |a Barcelona (Catalunya : Província). |b Diputació |9 52408 | |
| 710 | 2 | |a Institut de Prehistòria i Arqueologia (Barcelona, Catalunya) |9 52785 | |
| 901 | |a Arxiu | ||
| 942 | |n 1 | ||
| 952 | |0 0 |1 0 |4 0 |6 FU3149 |7 1 |9 43152 |a Arxiu |b Arxiu |d 2016-12-01 |l 0 |o FU-31-49 |p 14872 |r 2016-12-01 00:00:00 |w 2016-12-01 |y ARXIU | ||
| 999 | |c 45696 |d 45696 | ||